Türkiye'ye en yakın ülkeler - bir dakikalık sprint - Statistics

General Stats
  • This quiz has been taken 2 026 times
  • The average score is 12 of 20
Answer Stats
km ülke % Correct
0 Yunanistan
96%
0 Suriye
95%
0 Irak
94%
0 Iran
93%
0 Bulgaristan
91%
0 Azerbaycan
89%
0 Ermenistan
89%
0 Gürcistan
87%
136 Rusya
71%
69 Kıbrıs
56%
409 Ukrayna
51%
198 Romanya
49%
285 İsrail
43%
125 Lübnan
42%
274 Makedonya
36%
420 Arnavutluk
35%
388 Kosova
28%
322 Sırbistan
27%
342 Ürdün
25%
387 Moldova
23%
No matching quizzes found
Score Distribution
Percent of People with Each Score
Percentile by Number Answered
Your Score History
You have not taken this quiz